Szczegóły MARC21

Die Weimarer Republik 1918-1933 : Politik, Wirtschaft, Gesellschaft /

003 -Nazwa inst., której nr kontr. jest w polu 001 [,]
    • @
    • Nazwa instytucji, której n kontrolny jest w polu 001
    • NUKAT
005 -DATA I CZAS OSTATNIEJ MODYFIKACJI [,]
    • @
    • pole kontrolne
    • 20241231105210.0
020 -Międzynarod. znormalizowany nr książki - ISBN [ , ]
    • a
    • Numer ISBN
    • 3893310002 Find
040 -Instytucja sporządzająca opis [ , ]
    • a
    • Instytucja, która sporządziła opis (NP)
    • TOR U/MW
    • c
    • Instytucja, która sporządziła rekord (NP)
    • TOR U/MW
    • d
    • Instytucja, która zmodyfikowała rekord (P)
    • TOR U/AP
    • d
    • Instytucja, która zmodyfikowała rekord (P)
    • Ł U/AG
    • d
    • Instytucja, która zmodyfikowała rekord (P)
    • Ł U/JSs
942 -Rodzaj dokumentu [ , ]
    • c
    • Rodzaj dokumentu
    • Książka
245 -Strefa tytułu i oznaczenia odpowiedzialności [0,4]
    • a
    • Tytuł
    • Die Weimarer Republik 1918-1933 : Find
    • b
    • Ciąg dalszy tytułu (NP)
    • Politik, Wirtschaft, Gesellschaft / Find
    • c
    • Pozostałe elementy strefy tytułu i oznaczenia odpowiedzialności (NP)
    • Karl Dietrich Bracher, Manfred Funke, Hans-Adolf Jacobsen (Hrsg.).
250 -Strefa wydania [ , ]
    • a
    • Oznaczenie wydania (NP)
    • 2., durchges. Aufl.
260 -Strefa adresu wydawniczego [ , ]
    • a
    • Miejsce wydania (P)
    • Bonn :
    • b
    • Nazwa wydawcy (P)
    • Bundeszentrale für Politische Bildung,
    • c
    • Data wydania (P)
    • 1988.
300 -Strefa opisu fizycznego [ , ]
    • a
    • Określenie formy książki i/lub objętość (NP)
    • 688 s. :
    • b
    • Oznaczenie ilustracji (NP)
    • il. ;
    • c
    • Format (NP)
    • 21 cm.
336 -Typ zawartości [ , ]
    • a
    • Termin opisujący typ zawartości
    • Tekst
    • b
    • Kod określający zawartość
    • txt
    • 2
    • Źródło (terminu i kodu)
    • rdacontent
337 -Typ mediów [ , ]
    • a
    • Tryb odtwarzania
    • Bez urządzenia pośredniczącego
    • b
    • Kod typu mediów
    • n
    • 2
    • Źródło (terminu i kodu)
    • rdamedia
338 -Typ/rodzaj nośnika [ , ]
    • a
    • Hasło opisujące typ nośnika
    • Wolumin
    • b
    • Kod typu nośnika
    • nc
    • 2
    • Źródło (terminu i kodu)
    • rdacarrier
490 -Strefa serii i książki wielotomowej - forma nie do wyszukiwania [1, ]
    • a
    • Tytuł (P)
    • Studien zur Geschichte und Politik Find
830 -Hasło dodatkowe serii i opisu książki wielotomowej - tytuł ujednolicony/tytuł [ ,0]
    • a
    • Tytuł ujednolicony/tytuł (NP)
    • Schriftenreihe der Bundeszentrale für Politische Bildung.
    • p
    • Nazwa części/podserii/sekcji (P)
    • Studien zur Geschichte und Politik
    • 9
    • KHW
    • 99410
830 -Hasło dodatkowe serii i opisu książki wielotomowej - tytuł ujednolicony/tytuł [ ,0]
    • a
    • Tytuł ujednolicony/tytuł (NP)
    • Schriftenreihe der Bundeszentrale für Politische Bildung
    • x
    • ISSN
    • 0435-7604
    • v
    • Oznaczenie tomu (NP)
    • Bd. 251
    • 9
    • KHW
    • 97479
500 -Uwaga ogólna [ , ]
    • a
    • Uwaga ogólna (NP)
    • W serii gł.: nr 251.
504 -Uwaga dot. bibliogr. załącznikowej [ , ]
    • a
    • Uwaga dot. bibliografii załącznikowej
    • Bibliogr. s. 652-678. Indeks.
080 -Uniwersalna Klasyfikacja Dziesiętna [ , ]
    • a
    • Symbol klasyfikacji
    • 943.0"1918/1933"=30
651 -Hasło przedmiotowe w formie nazwy geograficznej [ ,7]
    • a
    • Nazwa geograficzna
    • Niemcy
    • y
    • Określnik chronologiczny
    • 1918-1933 (Republika Weimarska).
    • 2
    • Źródło terminu
    • kaba
    • 9
    • KHW
    • 121305
980 -Symbol UKD [ , ]
    • a
    • UKD
    • 943.0"1918/1933"=30
700 -Hasło dodatkowe - nazwa osobowa [1, ]
    • a
    • Nazwa osobowa (NP)
    • Jacobsen, Hans Adolf Find
    • d
    • Daty biograficzne (NP)
    • (1925-2016).
    • e
    • Określenie rodzaju współpracy
    • Red.
    • 9
    • KHW
    • 58025
700 -Hasło dodatkowe - nazwa osobowa [1, ]
    • a
    • Nazwa osobowa (NP)
    • Funke, Manfred Find
    • d
    • Daty biograficzne (NP)
    • (1939- ).
    • e
    • Określenie rodzaju współpracy
    • Red.
    • 9
    • KHW
    • 99409
700 -Hasło dodatkowe - nazwa osobowa [1, ]
    • a
    • Nazwa osobowa (NP)
    • Bracher, Karl Dietrich Find
    • d
    • Daty biograficzne (NP)
    • (1922-2016).
    • e
    • Określenie rodzaju współpracy
    • Red.
    • 9
    • KHW
    • 99408
710 -Hasło dodatkowe - nazwa ciała zbiorowego [2, ]
    • a
    • Nazwa ciała zbiorowego lub nazwa geograficzna jako pierwszy element (NP)
    • Bundeszentrale für Politische Bildung.
    • 4
    • Kod relacji
    • pbl
    • 9
    • KHW
    • 81894
920 -ISBN [ , ]
    • a
    • ISBN
    • 3-89331-000-2 Find
Numer inwentarzowy Status udost. Data inwentaryzacji Lokalizacja Sygnatura
G.1432311999-06-25BM 
G.14069-31998-09-24BMGerm. Polityka 09
H.830711999-06-25BNS 
H.13766-32005-07-27BNS